[Event "World Rapid 2019"]
[Site "Moscow RUS"]
[Date "2019.12.27"]
[Round "9.56"]
[White "Drygalov, Sergey"]
[Black "Perunovic, Milos"]
[Result "0-1"]
[WhiteTitle "IM"]
[BlackTitle "GM"]
[WhiteElo "2473"]
[BlackElo "2589"]
[WhiteFideId "24171743"]
[BlackFideId "921629"]
[EventDate "2019.12.26"]

1. e4 c5 2. Nf3 e6 3. d4 cxd4 4. Nxd4 Nf6 5. Nc3 Nc6 6. Ndb5 Bc5 7. Bf4 O-O 8.
Bc7 Qe7 9. Bd6 Bxd6 10. Qxd6 Qd8 11. O-O-O a6 12. Nd4 Ne7 13. f3 b5 14. h4 Bb7
15. h5 h6 16. g4 Ne8 17. Qg3 b4 18. Nce2 Qa5 19. Kb1 Rc8 20. Nb3 Qc7 21. Qxc7
Rxc7 22. Ned4 Nf6 23. Rg1 e5 24. Ne2 d5 25. f4 dxe4 26. fxe5 Nd7 27. g5 Nxe5 28.
gxh6 g6 29. Ned4 Kh7 30. hxg6+ N7xg6 31. Be2 Bc8 32. Rh1 f5 33. Bh5 Rf6 34. Rdf1
f4 35. Nd2 Bb7 36. Re1 e3 37. N2f3 Nxf3 38. Nxf3 Rc5 39. Bg4 Be4 40. Rh2 Ne7 41.
Reh1 Rg6 42. Rg2 Rxc2 43. Rxc2 Rxg4 44. Rf1 Rg2 45. Ne1 Bxc2+ 46. Nxc2 e2 47.
Re1 f3 48. Ne3 f2 0-1

[Event "World Rapid 2019"]
[Site "Moscow RUS"]
[Date "2019.12.27"]
[Round "9.57"]
[White "Petrosyan, Manuel"]
[Black "Iturrizaga Bonelli, Eduardo"]
[Result "1/2-1/2"]
[WhiteTitle "GM"]
[BlackTitle "GM"]
[WhiteElo "2613"]
[BlackElo "2597"]
[WhiteFideId "13300857"]
[BlackFideId "3901211"]
[EventDate "2019.12.26"]

1. d4 Nf6 2. c4 e6 3. Nc3 Bb4 4. Qc2 c5 5. dxc5 Na6 6. a3 Bxc3+ 7. Qxc3 Nxc5 8.
b4 Na4 9. Qc2 b5 10. Nf3 Qc7 11. e3 a6 12. Ra2 Qb8 13. Bb2 Nxb2 14. Rxb2 bxc4
15. Bxc4 Bb7 16. Qe2 O-O 17. O-O Ng4 18. g3 Ne5 19. Nxe5 Qxe5 20. Rd2 d5 21. Ba2
Rfc8 22. Rd4 Bc6 23. Rc1 Bb5 24. Qd2 Rc7 25. Rc5 Rac8 26. a4 Bxa4 27. e4 Rxc5
28. bxc5 Bb5 29. exd5 exd5 30. Rxd5 Qa1+ 31. Qd1 Qxd1+ 32. Rxd1 Kf8 33. Rc1 Bc6
34. f4 Rd8 35. Rc2 Be4 36. Rb2 Rc8 37. Bc4 Rxc5 1/2-1/2

[Event "World Rapid 2019"]
[Site "Moscow RUS"]
[Date "2019.12.27"]
[Round "9.58"]
[White "Dragnev, Valentin"]
[Black "Quparadze, Giga"]
[Result "1/2-1/2"]
[WhiteTitle "GM"]
[BlackTitle "GM"]
[WhiteElo "2553"]
[BlackElo "2462"]
[WhiteFideId "1634852"]
[BlackFideId "13602250"]
[EventDate "2019.12.26"]

1. d4 Nf6 2. c4 e6 3. Nf3 b6 4. g3 Bb4+ 5. Bd2 Be7 6. Bg2 c6 7. O-O O-O 8. Qc2
d5 9. Rc1 Bb7 10. Bf4 Nbd7 11. cxd5 cxd5 12. Bc7 Qe8 13. Qb3 Rc8 14. Na3 Ba6 15.
Nb5 Nc5 16. dxc5 Bxb5 17. cxb6 axb6 18. Nd4 Bc4 19. Qxb6 Qd7 20. b3 Rxc7 21.
bxc4 Bc5 22. Qb2 Ng4 23. cxd5 e5 24. Rxc5 Rxc5 25. Nc6 e4 26. Qb4 Qd6 27. Qxe4
Nf6 28. Qd3 Re8 29. Rb1 Ng4 30. Bf3 Ne5 31. Nxe5 Rxe5 32. a4 Re8 33. Kg2 Ra5 34.
Qc4 g6 35. Rb5 Qa6 36. Qc6 Qxc6 37. dxc6 Rxa4 38. Rb7 Ra5 39. Rd7 Rc5 40. c7 Kf8
41. Bb7 h5 42. h4 Rc2 43. e3 Rc5 44. Kf3 Kg7 45. e4 Rc3+ 46. Kg2 Rf8 47. e5 Kh6
48. Re7 Kg7 49. e6 Rc5 50. exf7 Kf6 51. Rd7 Ke6 52. c8=Q Rcxc8 53. Bxc8 Rxc8 54.
Ra7 Kf6 55. g4 hxg4 56. Kg3 Kg7 57. Kxg4 Rc4+ 58. f4 Rc5 59. Rb7 Ra5 60. Rc7 Rb5
61. Re7 Rb1 62. Ra7 Rg1+ 63. Kf3 Rf1+ 64. Kg3 Kf8 65. Kg4 Rg1+ 66. Kf3 Rf1+ 67.
Ke4 Re1+ 68. Kd5 Re3 69. Rb7 Re1 70. Rc7 Re2 71. f5 gxf5 72. h5 f4 73. h6 Rh2
74. Rc4 f3 75. Rf4 f2 76. h7 Rxh7 77. Rxf2 Rxf7 78. Rxf7+ Kxf7 1/2-1/2

[Event "World Rapid 2019"]
[Site "Moscow RUS"]
[Date "2019.12.27"]
[Round "9.59"]
[White "Tsoi, Dmitry"]
[Black "Paravyan, David"]
[Result "1-0"]
[WhiteTitle "FM"]
[BlackTitle "GM"]
[WhiteElo "2321"]
[BlackElo "2629"]
[WhiteFideId "24194697"]
[BlackFideId "4194985"]
[EventDate "2019.12.26"]

1. f4 d5 2. Nf3 c5 3. e3 Nf6 4. d4 Nc6 5. c3 cxd4 6. exd4 Bf5 7. Be2 e6 8. O-O
Be7 9. Ne5 O-O 10. Nd2 Ne4 11. Nxe4 Bxe4 12. Bd3 Bxd3 13. Nxd3 Bd6 14. f5 Kh8
15. Qg4 exf5 16. Qxf5 Ne7 17. Qh5 f6 18. Bf4 Ng6 19. Bxd6 Qxd6 20. Rae1 Kg8 21.
Rf5 Rad8 22. Nb4 Ne7 23. Rf3 a5 24. Nd3 Ng6 25. Rh3 Kf7 26. Rf1 Rfe8 27. Ne5+
Rxe5 28. dxe5 Qxe5 29. Qf3 h6 30. Rh5 Qe6 31. Qg3 Rd7 32. b3 b5 33. a3 Qc6 34.
Kh1 Qc5 35. b4 Qc4 36. Rhf5 a4 37. h3 Rc7 38. R5f3 Ne7 39. Rd1 Rd7 40. Rd4 Qa2
41. Rg4 Qb1+ 42. Kh2 Qh7 43. Qb8 h5 44. Rgf4 Nc6 45. Qxb5 Ne5 46. Re3 Qh6 47. g3
Kg8 48. Rxe5 fxe5 49. Qxd7 exf4 50. Qxd5+ Kh8 51. Qa8+ Kh7 52. Qe4+ Kh8 53. gxf4
h4 54. Qd4 Qh5 55. Qd8+ Kh7 56. Qd3+ Kh8 57. c4 Qe8 58. c5 Qe1 59. Kg2 Qc1 60.
Qd8+ Kh7 61. Qxh4+ Kg8 62. Qd8+ Kf7 63. Qd3 Qb2+ 64. Kf3 Qb3 65. Qe3 Kf6 66. Kf2
Qb2+ 67. Kg3 Qb3 68. Qf3 Ke6 69. Kg4 Qb1 70. f5+ Ke5 71. c6 Kd6 72. Qc3 Qd1+ 73.
Kg5 Qb3 74. Qc5+ Kc7 75. b5 Qg3+ 76. Kh5 Qxh3+ 77. Kg6 Qh6+ 78. Kf7 Qf6+ 79. Kg8
Qd8+ 80. Qf8 Qd3 81. Qf7+ Kb6 82. Qb7+ Kc5 83. c7 1-0

[Event "World Rapid 2019"]
[Site "Moscow RUS"]
[Date "2019.12.27"]
[Round "9.60"]
[White "Kobalia, Mikhail"]
[Black "Potapov, Pavel"]
[Result "1-0"]
[WhiteTitle "GM"]
[BlackTitle "GM"]
[WhiteElo "2609"]
[BlackElo "2482"]
[WhiteFideId "4119150"]
[BlackFideId "4169786"]
[EventDate "2019.12.26"]

1. e4 c5 2. Nf3 Nc6 3. Bb5 g6 4. Bxc6 bxc6 5. O-O Bg7 6. Re1 f6 7. c3 Nh6 8. d4
cxd4 9. cxd4 d6 10. h3 Nf7 11. Nc3 O-O 12. b3 e5 13. Bb2 Bb7 14. Rc1 Re8 15. Qd3
Qe7 16. dxe5 fxe5 17. Nd1 d5 18. Nc3 Rad8 19. Na4 Ng5 20. Nxg5 Qxg5 21. Rc2 d4
22. Ba3 Qf4 23. Bc5 a6 24. Bb4 Bf8 25. Bxf8 Rxf8 26. Nc5 Bc8 27. Qc4+ Kh8 28.
Nd3 Qg5 29. Kh2 Bxh3 30. gxh3 Rf3 31. Rg1 Rxh3+ 32. Kxh3 Qxg1 33. Rc1 Qg5 34.
Qe6 Rf8 35. Qxe5+ Qxe5 36. Nxe5 Rxf2 37. Rxc6 Re2 38. Rxa6 Rxe4 39. Nf3 d3 40.
Rd6 1-0

[Event "World Rapid 2019"]
[Site "Moscow RUS"]
[Date "2019.12.27"]
[Round "9.61"]
[White "Tari, Aryan"]
[Black "Atabayev, Saparmyrat"]
[Result "1/2-1/2"]
[WhiteTitle "GM"]
[BlackTitle "IM"]
[WhiteElo "2634"]
[BlackElo "2425"]
[WhiteFideId "1510045"]
[BlackFideId "14000571"]
[EventDate "2019.12.26"]

1. e4 e5 2. Nf3 Nc6 3. Bb5 Nf6 4. d3 Bc5 5. c3 d6 6. O-O Bd7 7. Re1 h6 8. h3 Ne7
9. Bxd7+ Nxd7 10. d4 Bb6 11. Nbd2 Ng6 12. Nc4 O-O 13. a4 a6 14. Qb3 Rb8 15. Nxb6
Nxb6 16. dxe5 Nxe5 17. Nxe5 dxe5 18. Be3 Qf6 19. a5 Nc8 20. Rad1 Qc6 21. Rd5 Qe6
22. Qb4 Ne7 23. Rd2 Nc6 24. Qc5 Qb3 25. Red1 Rbc8 26. h4 Rfd8 27. Rxd8+ Nxd8 28.
Qd5 Qa4 29. b3 Qe8 30. b4 Nc6 31. Qc5 Qe7 32. Qxe7 Nxe7 33. Rd7 Nc6 34. Bc5 f6
35. h5 Nb8 36. Rd5 Kf7 37. g3 Ke8 38. f4 Nd7 39. Kf2 b6 40. Be3 c6 41. Rd2 bxa5
42. bxa5 Ke7 43. c4 Rb8 44. c5 Rb5 45. Rd6 exf4 46. gxf4 Nb8 47. e5 Rxa5 48.
exf6+ gxf6 49. Bd4 Nd7 50. Rxc6 Ra3 51. Rc7 Rd3 52. Be3 Kd8 53. Ra7 Rc3 54. Bd4
Rd3 55. Be3 Rc3 56. Ra8+ Ke7 57. Rc8 f5 58. Rc7 Kd8 59. Rc6 a5 60. Rxh6 Nxc5 61.
Rg6 Ne4+ 62. Kf3 Nd2+ 63. Ke2 Nc4 64. Bd4 Rh3 65. h6 a4 66. Rc6 Na3 67. Ra6 Nb5
68. Be5 a3 69. Ra5 Nc7 70. Bg7 Ne6 71. Bf6+ Ke8 72. Bg5 a2 73. Kf2 Rh1 74. Bf6
Rxh6 75. Be5 Rh2+ 76. Ke3 Kd7 77. Ra7+ Kc8 78. Kd3 Rf2 79. Ke3 Rg2 80. Kf3 Rh2
81. Ke3 Rg2 82. Kf3 Rh2 83. Ke3 1/2-1/2

[Event "World Rapid 2019"]
[Site "Moscow RUS"]
[Date "2019.12.27"]
[Round "9.62"]
[White "Zarubitski, Viachaslau"]
[Black "Jumabayev, Rinat"]
[Result "1/2-1/2"]
[WhiteTitle "IM"]
[BlackTitle "GM"]
[WhiteElo "2451"]
[BlackElo "2646"]
[WhiteFideId "13509373"]
[BlackFideId "13702661"]
[EventDate "2019.12.26"]

1. e4 e6 2. d4 d5 3. Nc3 Nf6 4. Bg5 dxe4 5. Nxe4 Be7 6. Bxf6 gxf6 7. Nf3 a6 8.
Bd3 b5 9. Qe2 Bb7 10. O-O Nd7 11. Rad1 f5 12. Nc5 Bxc5 13. dxc5 Qf6 14. Bxb5
axb5 15. Qxb5 Bc8 16. Qc6 Rxa2 17. Qxc7 O-O 18. b4 Qc3 19. c6 Nf6 20. Rd8 Rxd8
21. Qxd8+ Kg7 22. Qxc8 Rxc2 23. b5 Rc1 24. Qd8 Qc4 25. Nd2 Rxf1+ 26. Nxf1 Nd5
27. Qg5+ Kf8 28. Qd8+ Kg7 29. Qg5+ Kf8 30. Qd8+ Kg7 31. h3 1/2-1/2

[Event "World Rapid 2019"]
[Site "Moscow RUS"]
[Date "2019.12.27"]
[Round "9.63"]
[White "Alonso Rosell, Alvar"]
[Black "Christiansen, Johan-Sebastian"]
[Result "1/2-1/2"]
[WhiteTitle "GM"]
[BlackTitle "GM"]
[WhiteElo "2548"]
[BlackElo "2597"]
[WhiteFideId "2270544"]
[BlackFideId "1512668"]
[EventDate "2019.12.26"]

1. d4 d5 2. c4 dxc4 3. Nf3 Nf6 4. e3 a6 5. Bxc4 e6 6. O-O b5 7. Be2 Bb7 8. b3
Be7 9. Bb2 O-O 10. Nbd2 Nbd7 11. a4 b4 12. Nc4 c5 13. Rc1 Rc8 14. dxc5 Nxc5 15.
Nd4 Nfe4 16. Bf3 Bd5 17. a5 Nxb3 18. Bxe4 Nxc1 19. Bxd5 exd5 20. Nb6 Na2 21. Qb3
Nc3 22. Nxc8 Qxc8 23. Rc1 Bf6 24. Bxc3 bxc3 25. Qxc3 Qb7 26. h3 h6 27. Qc6 Qb2
28. Nf5 Rd8 29. Rf1 Qe5 30. Nd4 Rd6 31. Qc8+ Kh7 32. Rd1 Qe4 33. Qc7 Be5 34. Nf3
f6 35. Qb7 Qa4 36. Qb1+ Kh8 37. Rc1 Qxa5 38. Qf5 Rc6 39. Rd1 Qa4 40. Rb1 Qe4 41.
Qxe4 dxe4 42. Nxe5 fxe5 43. Rb4 a5 44. Rxe4 Ra6 45. Ra4 Kg8 46. Kf1 Kf7 47. Ke2
Ke6 48. Kd3 Kd5 49. Kc3 Rc6+ 50. Kb3 Rb6+ 51. Ka3 Rb5 52. Rg4 Rb7 53. Ka4 Rb2
54. f3 g5 55. Kxa5 Re2 56. h4 gxh4 57. Rxh4 Rxg2 58. Rxh6 Rf2 59. Rf6 Kc5 60.
Ka4 e4 61. Kb3 Rxf3 62. Re6 Rxe3+ 63. Kc2 Kd5 64. Re8 Re2+ 65. Kc3 Rh2 66. Re7
Rg2 67. Re8 Ra2 68. Re7 Ra6 69. Kd2 Kd4 70. Rd7+ Ke5 71. Re7+ Re6 72. Rxe6+ Kxe6
73. Ke3 Ke5 74. Ke2 Kd4 75. Kd2 e3+ 76. Ke2 Ke4 77. Ke1 Kd3 78. Kd1 e2+ 79. Ke1
Ke3 1/2-1/2

[Event "World Rapid 2019"]
[Site "Moscow RUS"]
[Date "2019.12.27"]
[Round "9.64"]
[White "Gareyev, Timur"]
[Black "Huzman, Alexander"]
[Result "0-1"]
[WhiteTitle "GM"]
[BlackTitle "GM"]
[WhiteElo "2598"]
[BlackElo "2567"]
[WhiteFideId "14200937"]
[BlackFideId "2803828"]
[EventDate "2019.12.26"]

1. Nf3 Nf6 2. c4 e6 3. Nc3 d5 4. e3 b6 5. d4 Bb7 6. cxd5 exd5 7. Bb5+ c6 8. Bd3
Be7 9. g4 c5 10. dxc5 bxc5 11. g5 Ne4 12. Bb5+ Kf8 13. h4 d4 14. Nxe4 Qa5+ 15.
Bd2 Qxb5 16. Ng3 Nd7 17. Nf5 Qc6 18. Nxe7 Kxe7 19. Rh3 Rhe8 20. Nxd4 Qg2 21.
Nf5+ Kf8 22. Bc3 Qg1+ 23. Ke2 Qg4+ 24. Ke1 Qxf5 25. Qd6+ Kg8 26. Rg3 Ne5 27. Kf1 0-1

[Event "World Rapid 2019"]
[Site "Moscow RUS"]
[Date "2019.12.27"]
[Round "9.65"]
[White "Sanal, Vahap"]
[Black "Sek, Konstantin"]
[Result "1-0"]
[WhiteTitle "GM"]
[WhiteElo "2549"]
[BlackElo "2446"]
[WhiteFideId "6300545"]
[BlackFideId "24104302"]
[EventDate "2019.12.26"]

1. e4 e5 2. Nf3 Nc6 3. Bc4 Nf6 4. d4 exd4 5. e5 d5 6. Bb5 Ne4 7. Nxd4 Bd7 8.
Bxc6 bxc6 9. O-O Bc5 10. f3 Ng5 11. f4 Ne6 12. c3 f5 13. Be3 O-O 14. Nd2 Rb8 15.
N2b3 Bb6 16. Qd2 a5 17. Nxe6 Bxe6 18. Bxb6 cxb6 19. Nd4 Qd7 20. a4 c5 21. Nb5
Rbd8 22. Nd6 Kh8 23. h3 g6 24. Qf2 Qg7 25. b4 axb4 26. cxb4 g5 27. bxc5 bxc5 28.
Qxc5 gxf4 29. Rae1 Rg8 30. Qc2 Qg3 31. Qe2 Qxh3 32. Rf3 Qh4 33. Qf2 Qxf2+ 34.
Rxf2 Rg4 35. Nb5 f3 36. Rxf3 Rxa4 37. Nc7 Bf7 38. e6 Be8 39. Rxf5 Kg7 40. Rf8 d4
41. e7 1-0

[Event "World Rapid 2019"]
[Site "Moscow RUS"]
[Date "2019.12.27"]
[Round "9.66"]
[White "Yuffa, Daniil"]
[Black "Vishnu Prasanna, V"]
[Result "1-0"]
[WhiteTitle "GM"]
[BlackTitle "GM"]
[WhiteElo "2566"]
[BlackElo "2493"]
[WhiteFideId "24131423"]
[BlackFideId "5030692"]
[EventDate "2019.12.26"]

1. d4 Nf6 2. c4 g6 3. Nc3 d5 4. Nf3 Bg7 5. h4 c5 6. dxc5 Na6 7. h5 O-O 8. hxg6
hxg6 9. cxd5 Bf5 10. Bh6 Bxh6 11. Rxh6 Nb4 12. Rc1 Qa5 13. Nd4 Be4 14. Nb3 Qc7
15. Nxe4 Nxe4 16. Qd4 1-0

[Event "World Rapid 2019"]
[Site "Moscow RUS"]
[Date "2019.12.27"]
[Round "9.67"]
[White "Pogosyan, Stefan"]
[Black "Belov, Vladimir"]
[Result "0-1"]
[WhiteTitle "IM"]
[BlackTitle "GM"]
[WhiteElo "2459"]
[BlackElo "2598"]
[WhiteFideId "34159867"]
[BlackFideId "4132394"]
[EventDate "2019.12.26"]

1. d4 Nf6 2. c4 g6 3. Nc3 d5 4. Nf3 Bg7 5. Bf4 O-O 6. e3 c5 7. dxc5 Ne4 8. Rc1
Nd7 9. cxd5 Qa5 10. Nd4 Ndxc5 11. Bc4 Nxc3 12. bxc3 Bd7 13. O-O Rac8 14. Bb3 b5
15. Qc2 Qb6 16. Qb1 Nxb3 17. axb3 a5 18. Qe4 Rfe8 19. Be5 Bxe5 20. Qxe5 a4 21.
bxa4 bxa4 22. c4 Qb4 23. Rb1 Qxc4 24. Rb7 f6 25. Qe4 Bf5 26. Qf3 Bd3 27. Rd1 a3
28. d6 exd6 29. Qxf6 Rc7 30. Rxc7 Qxc7 31. Ne6 Qf7 32. Qxf7+ Kxf7 33. Rxd3 Ra8
34. Ng5+ Ke7 35. h4 a2 36. Rd1 Rb8 0-1

[Event "World Rapid 2019"]
[Site "Moscow RUS"]
[Date "2019.12.27"]
[Round "9.68"]
[White "Tsvetkov, Andrey"]
[Black "Bosiocic, Marin"]
[Result "1-0"]
[WhiteTitle "FM"]
[BlackTitle "GM"]
[WhiteElo "2350"]
[BlackElo "2623"]
[WhiteFideId "34139360"]
[BlackFideId "14507927"]
[EventDate "2019.12.26"]

1. d4 Nf6 2. c4 d6 3. Nf3 Nbd7 4. Nc3 e5 5. e4 g6 6. Be2 Bg7 7. Be3 O-O 8. O-O
Re8 9. d5 Nh5 10. Re1 a5 11. a3 Nf4 12. Bf1 Nc5 13. b4 axb4 14. axb4 Rxa1 15.
Qxa1 Ncd3 16. Rb1 f5 17. Qa3 b5 18. cxb5 g5 19. g3 g4 20. Nh4 Qf6 21. Rd1 Rf8
22. exf5 Bxf5 23. Nxf5 Qxf5 24. gxf4 Nxf4 25. Bxf4 exf4 26. Ne2 Be5 27. f3 Kh8
28. Kh1 Rg8 29. Qd3 Qg5 30. fxg4 Qxg4 31. Bh3 Qh5 32. Rf1 Qh6 33. Qf3 Ra8 34.
Rg1 Qh4 35. Be6 h5 36. Qe4 Qf6 37. Qf3 Qh4 38. Qe4 Qf6 39. Rf1 Ra2 40. Nxf4 Ra1
41. Rxa1 Bxa1 42. Qg6 1-0

[Event "World Rapid 2019"]
[Site "Moscow RUS"]
[Date "2019.12.27"]
[Round "9.69"]
[White "Indjic, Aleksandar"]
[Black "Mesropov, Konstantin"]
[Result "1/2-1/2"]
[WhiteTitle "GM"]
[BlackTitle "IM"]
[WhiteElo "2619"]
[BlackElo "2422"]
[WhiteFideId "911925"]
[BlackFideId "4116887"]
[EventDate "2019.12.26"]

1. d4 e6 2. c4 b6 3. e4 Bb4+ 4. Bd2 Bxd2+ 5. Qxd2 d5 6. cxd5 exd5 7. e5 Ne7 8.
f4 O-O 9. Bd3 c5 10. Qf2 Nbc6 11. Nf3 Nb4 12. Qd2 Nxd3+ 13. Qxd3 Bf5 14. Qe3 Be4
15. Nbd2 Nf5 16. Qe2 Bxf3 17. Nxf3 cxd4 18. O-O Rc8 19. Rfd1 Qd7 20. Nxd4 Rc4
21. e6 fxe6 22. Nxf5 Rxf4 23. Ng3 Qd6 24. Rf1 e5 25. Rxf4 Rxf4 26. Rc1 g6 27.
Qb5 Rf7 28. Qe8+ Kg7 29. Rc6 Qe7 30. Qxe7 Rxe7 31. Rd6 d4 32. b4 Rc7 33. a3 Kf7
34. Ne4 Ke7 35. b5 Rc2 36. Rc6 Re2 37. Ng3 Ra2 38. Rc7+ Ke6 39. Rxa7 h5 40. a4
h4 41. Nf1 e4 42. Ra6 Ke5 43. Rxb6 e3 44. Nxe3 dxe3 45. Kf1 Rxa4 46. Rxg6 Kf4
47. Ke2 Ra2+ 48. Kd3 Rd2+ 49. Kc4 Rc2+ 50. Kb4 Rb2+ 51. Kc5 Rc2+ 52. Kd6 Rd2+
53. Kc5 Rc2+ 54. Kb6 h3 55. gxh3 Rxh2 56. Rh6 Rh1 57. Kc7 e2 58. Re6 e1=Q 59.
Rxe1 Rxe1 1/2-1/2

[Event "World Rapid 2019"]
[Site "Moscow RUS"]
[Date "2019.12.27"]
[Round "9.70"]
[White "Potkin, Vladimir"]
[Black "Abdusattorov, Nodirbek"]
[Result "1/2-1/2"]
[WhiteTitle "GM"]
[BlackTitle "GM"]
[WhiteElo "2583"]
[BlackElo "2635"]
[WhiteFideId "4131061"]
[BlackFideId "14204118"]
[EventDate "2019.12.26"]

1. c4 Nf6 2. Nc3 e5 3. Nf3 Nc6 4. g3 Bb4 5. Bg2 O-O 6. O-O Bxc3 7. bxc3 d6 8. d3
e4 9. Nd4 exd3 10. exd3 Nxd4 11. cxd4 d5 12. Bg5 h6 13. Bxf6 Qxf6 14. cxd5 Qxd4
15. Rc1 c5 16. dxc6 bxc6 17. Rxc6 Rb8 18. Rc4 Qd6 19. Qd2 Rd8 20. d4 Bb7 21.
Bxb7 Rxb7 22. Rd1 Rbd7 23. Qa5 Re8 24. d5 Re5 25. Rcd4 Re2 26. R4d2 Re5 27. Qb5
Rc7 28. Qb8+ Kh7 29. Qb3 Rd7 30. Kg2 Kg8 31. h4 h5 32. Rd4 g6 33. R1d2 Rf5 34.
Qa4 Re5 35. Qc4 Rd8 36. Qc3 Rf5 37. Qe3 Re5 38. Qf4 Kg7 39. a4 Rd7 40. Qf3 Rd8
41. Qc3 Kg8 42. Qc6 Re7 43. Qxd6 Rxd6 44. Rc2 Red7 45. Rc5 Kg7 46. Kf3 Rf6+ 47.
Rf4 Rb6 48. Rd4 Rf6+ 49. Ke2 Re7+ 50. Kf1 Rd7 51. Kg2 Rb6 52. a5 Rf6 53. Rdc4
Rfd6 54. Rd4 Rf6 55. Kf1 Rf5 56. Rd3 Re5 57. Kg2 Kf8 58. Rb5 Kg7 59. a6 Rd6 60.
Rb7 Rdxd5 61. Rxd5 Rxd5 62. Rxa7 Ra5 63. Kf3 Ra2 64. Ke3 Kf6 65. f3 Ke6 66. g4
Ra4 67. Ra8 Ke7 68. gxh5 gxh5 69. Rh8 Rxa6 70. Rxh5 Ra4 71. Kf2 Kf6 72. Kg3 Kg7
73. Rg5+ Kh6 74. Rf5 Kg6 75. Rd5 Kg7 76. f4 Ra1 77. h5 Rg1+ 78. Kf3 Rf1+ 79. Ke4
Re1+ 80. Kf5 Rh1 81. Kg4 Rg1+ 82. Kf3 Rf1+ 83. Kg3 Rg1+ 84. Kf2 Rh1 85. Kg2 Rc1
86. Rg5+ Kh6 87. Kf3 Rh1 88. Rf5 Kg7 89. Ke4 Re1+ 90. Kd5 Rd1+ 91. Ke5 Re1+ 92.
Kd6 Re6+ 93. Kd7 Re4 94. Kd6 Re6+ 95. Kd5 Ra6 96. Rg5+ Kh6 97. Ke4 Ra4+ 98. Kf5
Ra5+ 99. Kg4 Ra1 100. Rf5 Kg7 101. Re5 Rg1+ 102. Kf5 Rh1 103. Kg4 Rg1+ 104. Kf3
Rf1+ 105. Kg3 Rg1+ 106. Kf2 Rh1 107. Kg2 Rc1 108. Kf3 Rf1+ 109. Ke4 Re1+ 110.
Kd5 Rd1+ 111. Kc5 Kf6 112. Rd5 Rf1 113. Rd4 Rc1+ 114. Kd5 Rh1 1/2-1/2

[Event "World Rapid 2019"]
[Site "Moscow RUS"]
[Date "2019.12.27"]
[Round "9.71"]
[White "Makarian, Rudik"]
[Black "Nozdrachev, Vladislav"]
[Result "1-0"]
[WhiteTitle "IM"]
[BlackTitle "IM"]
[WhiteElo "2397"]
[BlackElo "2494"]
[WhiteFideId "44105681"]
[BlackFideId "24113441"]
[EventDate "2019.12.26"]

1. d4 Nf6 2. Nf3 d5 3. c4 e6 4. Nc3 Be7 5. Bf4 O-O 6. e3 c5 7. dxc5 Bxc5 8. Qc2
Nc6 9. Rd1 Qa5 10. a3 Re8 11. Be2 e5 12. cxd5 exf4 13. dxc6 fxe3 14. b4 exf2+
15. Kf1 Qxa3 16. bxc5 Ng4 17. Nd5 bxc6 18. h3 Nh6 19. Ne7+ Kf8 20. Nxc8 Raxc8
21. Rd3 Qa1+ 22. Kxf2 Qxh1 23. Rd1 Ng4+ 24. hxg4 Qh6 25. g5 Qe6 26. Ba6 Rb8 27.
Qxh7 Qe3+ 28. Kg3 Rb2 29. Qh8+ Ke7 30. Qh3 Kf8 31. Qh8+ Ke7 32. Qh3 Kf8 33. Rd7
Kg8 34. g6 Re7 35. Qh7+ 1-0

[Event "World Rapid 2019"]
[Site "Moscow RUS"]
[Date "2019.12.27"]
[Round "9.72"]
[White "Rozum, Ivan"]
[Black "Harsha, Bharathakoti"]
[Result "1/2-1/2"]
[WhiteTitle "GM"]
[BlackTitle "GM"]
[WhiteElo "2573"]
[BlackElo "2523"]
[WhiteFideId "24104272"]
[BlackFideId "5078776"]
[EventDate "2019.12.26"]

1. c4 e6 2. Nc3 d5 3. e3 Nf6 4. Nf3 b6 5. d4 Bd6 6. cxd5 exd5 7. g3 O-O 8. Bg2
Ba6 9. Ne5 c6 10. f4 Re8 11. Qb3 Bb7 12. O-O Nbd7 13. e4 Nf8 14. exd5 cxd5 15.
Be3 Ne6 16. Rfe1 Nc7 17. Bf2 Re7 18. h3 Re8 19. Bf3 Rc8 20. Rad1 b5 21. Nxb5
Nxb5 22. Qxb5 Ba8 23. Qa4 Re7 24. Rc1 Ne4 25. Rxc8 Qxc8 26. Bg4 Qb7 27. Rc1 h5
28. Bf3 h4 29. gxh4 Nxf2 30. Kxf2 Qxb2+ 31. Rc2 Qb8 32. Bg4 Bb7 33. Qb5 Qd8 34.
h5 a6 35. Qb3 Rc7 36. Rxc7 Qxc7 37. Bf3 Be7 38. Bxd5 Bxd5 39. Qxd5 Bh4+ 40. Ke3
Qc1+ 41. Kd3 Qb1+ 42. Ke3 Qe1+ 43. Kd3 Qb1+ 44. Ke3 Qe1+ 45. Kd3 Qb1+ 46. Kd2
Qb2+ 47. Ke3 Qc1+ 48. Kd3 Qb1+ 49. Ke3 Qc1+ 1/2-1/2

[Event "World Rapid 2019"]
[Site "Moscow RUS"]
[Date "2019.12.27"]
[Round "9.73"]
[White "Khusnutdinov, Rustam"]
[Black "Kazakouski, Valery"]
[Result "1-0"]
[WhiteTitle "GM"]
[BlackTitle "IM"]
[WhiteElo "2491"]
[BlackElo "2485"]
[WhiteFideId "13701703"]
[BlackFideId "13507443"]
[EventDate "2019.12.26"]

1. e4 e5 2. Nf3 Nc6 3. Nc3 Nf6 4. Bb5 Bd6 5. d3 h6 6. a3 a6 7. Bc4 Bc5 8. Be3
Bxe3 9. fxe3 d6 10. Qb1 b5 11. Bb3 O-O 12. O-O Ne7 13. Qa2 Ng6 14. Rf2 c6 15.
Raf1 Ra7 16. h3 Qb6 17. Nd1 Re7 18. Nh2 Be6 19. Bxe6 Rxe6 20. a4 d5 21. axb5
axb5 22. exd5 cxd5 23. Kh1 Nh5 24. Kg1 Nf6 25. Kh1 Ne7 26. Qb3 Qc5 27. Qc3 Qxc3
28. Nxc3 b4 29. Na2 Nc6 30. Nc1 Ra8 31. g4 Re7 32. Nf3 Ra1 33. Nb3 Rxf1+ 34.
Rxf1 e4 35. Nh4 exd3 36. Nf5 Re6 37. cxd3 Nd7 38. Kg2 Nce5 39. Rd1 Kf8 40. Nbd4
Re8 41. Nc2 Rb8 42. b3 f6 43. d4 Nf7 44. Ra1 g6 45. Ra7 gxf5 46. Rxd7 fxg4 47.
hxg4 Rb5 48. Kf3 Ke8 49. Rc7 Ng5+ 50. Ke2 Rb6 51. Ra7 Ne4 52. Rh7 f5 53. gxf5
Ng3+ 54. Kf3 Nxf5 55. Kf4 Ne7 56. Rh8+ Kf7 57. Rd8 Kf6 58. e4 dxe4 59. Kxe4 Re6+
60. Kd3 Rb6 61. d5 Nf5 62. Kc4 Ke7 63. Rh8 Kd6 64. Re8 Kd7 65. Rh8 Nd6+ 66. Kd4
Rb5 67. Rh7+ Kd8 68. Ke5 Nc8 69. Nd4 Rb6 70. Nc6+ Ke8 71. Ke6 1-0

[Event "World Rapid 2019"]
[Site "Moscow RUS"]
[Date "2019.12.27"]
[Round "9.74"]
[White "Thing, Bibek"]
[Black "Gajewski, Grzegorz"]
[Result "0-1"]
[WhiteTitle "CM"]
[BlackTitle "GM"]
[WhiteElo "2222"]
[BlackElo "2626"]
[WhiteFideId "12303135"]
[BlackFideId "1116207"]
[EventDate "2019.12.26"]

1. e4 c5 2. Nf3 e6 3. g3 Nc6 4. Bg2 Nf6 5. Qe2 Be7 6. O-O O-O 7. c3 e5 8. Rd1
Re8 9. d4 cxd4 10. cxd4 exd4 11. Nxd4 Nxd4 12. Rxd4 Bc5 13. Rd1 d5 14. Qc2 Bg4
15. Rf1 Rc8 16. Nc3 dxe4 17. Bg5 h6 18. Bxf6 Qxf6 19. Nxe4 Qg6 20. Kh1 Bd4 0-1